[Event "RUS-ch Higher League 66th"]
[Site "Ekaterinburg"]
[Date "2013.06.26"]
[Round "6"]
[White "Khairullin, Ildar"]
[Black "Prizant, Jaroslav"]
[Result "1/2-1/2"]
[WhiteElo "2658"]
[BlackElo "2515"]
[PlyCount "111"]
[EventDate "2013.06.20"]
[EventType "swiss"]
[EventRounds "9"]
[EventCountry "RUS"]
[SourceTitle "CBM 155"]
[Source "ChessBase"]
[SourceDate "2013.07.16"]
[SourceVersion "1"]
[SourceVersionDate "2013.07.16"]
[SourceQuality "1"]

1. e4 e6 2. d4 d5 3. Nc3 Bb4 4. a3 Bxc3+ 5. bxc3 dxe4 6. Qg4 Nf6 7. Qxg7 Rg8 8. Qh6 Rg6 9. Qd2 b6 10. Nh3 Bb7 11. Nf4 Rg8 12. c4 Qd6 13. Bb2 Nbd7 14. 0-0-0 0-0-0 15. h3 e5 16. dxe5 Nxe5 17. Qxd6 cxd6 18. Be2 Rd7 19. Rd4 Kd8 20. Rhd1 Ke7 21. a4 Ng6 22. Nxg6+ hxg6 23. Ba3 Rgd8 24. a5 Ne8 25. f3 exf3 26. gxf3 Ng7 27. R4d3 Bc6 28. axb6 axb6 29. Rb3 Rb7 30. f4 Ne6 31. Re3 f5 32. h4 Be4 33. h5 gxh5 34. Bxh5 Rc7 35. Be2 Rc6 36. Bd3 Bxd3 37. cxd3 Kd7 38. Kd2 Rg8 39. Rh1 Nxf4 40. Rh7+ Kc8 41. Ree7 Rd8 42. Ke3 Ng6 43. Ra7 Kb8 44. Kd4 Nf4 45. Rad7 Rxd7 46. Rxd7 Kc8 47. Rf7 Ng6 48. Rf6 Ne7 49. Bxd6 Ng8 50. Rf8+ Kd7 51. Bb4 Nf6 52. Ke5 Ng4+ 53. Kxf5 Nf2 54. Rf7+ Kc8 55. Rf8+ Kd7 56. Rf7+ 1/2-1/2

[Event "RUS-ch Higher League 66th"]
[Site "Ekaterinburg"]
[Date "2013.06.21"]
[Round "2"]
[White "Prizant, Jaroslav"]
[Black "Shimanov, Aleksandr"]
[Result "0-1"]
[WhiteElo "2515"]
[BlackElo "2664"]
[PlyCount "102"]
[EventDate "2013.06.20"]
[EventType "swiss"]
[EventRounds "9"]
[EventCountry "RUS"]
[SourceTitle "CBM 155"]
[Source "ChessBase"]
[SourceDate "2013.07.16"]
[SourceVersion "1"]
[SourceVersionDate "2013.07.16"]
[SourceQuality "1"]

1. d4 Nf6 2. c4 g6 3. Nc3 Bg7 4. e4 d6 5. Nf3 0-0 6. Be2 e5 7. 0-0 Nc6 8. d5 Ne7 9. Ne1 Nd7 10. Be3 f5 11. f3 f4 12. Bf2 g5 13. a4 Rf6 14. Nd3 Rh6 15. a5 a6 16. Rc1 Nf6 17. Be1 Rg6 18. Nf2 h5 19. h3 Kh8 20. c5 Bd7 21. cxd6 cxd6 22. Na4 Nc8 23. Qb3 Rb8 24. Nb6 Nxb6 25. axb6 g4 26. hxg4 hxg4 27. fxg4 Bh6 28. Rc7 Bg5 29. Qb4 Ne8 30. Rc3 Bh4 31. Rh3 Kg8 32. Kh1 Rc8 33. Nd1 Bxe1 34. Qxe1 Rc2 35. Bd3 Rc1 36. Qh4 Qxh4 37. Rxh4 Bxg4 38. Ne3 Rxf1+ 39. Nxf1 Nf6 40. Nd2 Nd7 41. Nc4 Nc5 42. Bc2 Be2 43. Nd2 Nd7 44. Rh3 Nxb6 45. Rc3 Rg7 46. Kg1 Nd7 47. Bd3 Bxd3 48. Rxd3 Nc5 49. Rc3 a5 50. Kf1 b5 51. Nb3 b4 0-1

[Event "EU-ch 14th"]
[Site "Legnica"]
[Date "2013.05.14"]
[Round "9"]
[White "Prizant, Jaroslav"]
[Black "Hagen, Andreas Skytte"]
[Result "0-1"]
[WhiteElo "2537"]
[BlackElo "2400"]
[PlyCount "80"]
[EventDate "2013.05.05"]
[EventType "swiss"]
[EventRounds "11"]
[EventCountry "POL"]
[SourceTitle "CBM 155"]
[Source "ChessBase"]
[SourceDate "2013.07.16"]
[SourceVersion "1"]
[SourceVersionDate "2013.07.16"]
[SourceQuality "1"]

1. d4 Nf6 2. c4 g6 3. Nc3 Bg7 4. e4 d6 5. f3 0-0 6. Nge2 Nc6 7. Be3 a6 8. Qd2 Rb8 9. Nc1 e5 10. d5 Nd4 11. Nb3 Nxb3 12. axb3 c5 13. g4 Ne8 14. h4 f6 15. h5 g5 16. h6 Bh8 17. b4 b6 18. Na4 Rf7 19. Rh2 Rfb7 20. Bd3 Bd7 21. bxc5 bxc5 22. Nxc5 dxc5 23. Bxc5 f5 24. gxf5 Bxf5 25. Ba3 Bc8 26. c5 Bf6 27. Bxa6 Rf7 28. Bc4 Nd6 29. cxd6 Bd7 30. Rh5 g4 31. Bc5 Rc8 32. b4 Bh4+ 33. Kd1 Rxf3 34. Ra7 Bf6 35. Rh1 Ra8 36. Rf1 Rxa7 37. Bxa7 Bg5 38. Qa2 Qf8 39. Rxf3 Qxf3+ 40. Be2 Qc3 0-1

[Event "EU-ch 14th"]
[Site "Legnica"]
[Date "2013.05.07"]
[Round "3"]
[White "Prizant, Jaroslav"]
[Black "Ernst, Thomas"]
[Result "1-0"]
[WhiteElo "2537"]
[BlackElo "2387"]
[PlyCount "165"]
[EventDate "2013.05.05"]
[EventType "swiss"]
[EventRounds "11"]
[EventCountry "POL"]
[SourceTitle "CBM 155"]
[Source "ChessBase"]
[SourceDate "2013.07.16"]
[SourceVersion "1"]
[SourceVersionDate "2013.07.16"]
[SourceQuality "1"]

1. d4 Nf6 2. c4 g6 3. Nf3 Bg7 4. g3 c6 5. Bg2 d5 6. 0-0 0-0 7. b3 Be6 8. Nbd2 a5 9. e3 a4 10. Ba3 axb3 11. axb3 h6 12. Qe2 Nbd7 13. cxd5 Nxd5 14. Bb2 Qb6 15. e4 Nc7 16. Qe3 Nf6 17. h3 Nb5 18. Rfc1 Rxa1 19. Rxa1 Rd8 20. Ra4 Ne8 21. Bf1 Ned6 22. Qe1 Nc7 23. Bc3 Ra8 24. Qa1 Rxa4 25. bxa4 Na6 26. Ne5 Qc7 27. Qb2 Nb8 28. f4 h5 29. a5 Bxe5 30. fxe5 Nb5 31. d5 Nxc3 32. Qxc3 Bc8 33. Nb3 Nd7 34. e6 fxe6 35. dxc6 bxc6 36. Qe3 c5 37. Qc3 Bb7 38. Bb5 Bxe4 39. Bxd7 Qxd7 40. Nxc5 Qd1+ 41. Kf2 Bd5 42. Qd3 Qc1 43. Qxg6+ Kh8 44. Qxh5+ Kg7 45. Nd3 Qd2+ 46. Qe2 Qxa5 47. g4 Qc7 48. Qe5+ Qxe5 49. Nxe5 Kf6 50. Nd7+ Kg5 51. Kg3 Bb3 52. h4+ Kh6 53. Kf4 Bd1 54. Ne5 Be2 55. Nc6 Bd1 56. Nxe7 Be2 57. Nc6 Bd1 58. Ne5 Be2 59. Nf3 Bd1 60. Ng5 Bb3 61. Ne4 Bc4 62. h5 Be2 63. Kg3 e5 64. Kh4 Bd3 65. Nf6 Kg7 66. g5 Bf5 67. Nd5 e4 68. Ne3 Be6 69. Kg3 Kh7 70. Ng2 Bf7 71. Kg4 Be6+ 72. Kh4 Bf7 73. Nf4 Bb3 74. Ng2 Bf7 75. Ne3 Be8 76. Nd5 Bc6 77. g6+ Kg7 78. Ne7 e3 79. Nf5+ Kf6 80. Nxe3 Be8 81. Ng4+ Kf5 82. g7 Bf7 83. Nh6+ 1-0

[Event "EU-ch 14th"]
[Site "Legnica"]
[Date "2013.05.05"]
[Round "1"]
[White "Prizant, Jaroslav"]
[Black "Wenzel, Birger"]
[Result "1-0"]
[WhiteElo "2537"]
[BlackElo "2110"]
[PlyCount "55"]
[EventDate "2013.05.05"]
[EventType "swiss"]
[EventRounds "11"]
[EventCountry "POL"]
[SourceTitle "CBM 155"]
[Source "ChessBase"]
[SourceDate "2013.07.16"]
[SourceVersion "1"]
[SourceVersionDate "2013.07.16"]
[SourceQuality "1"]

1. d4 d5 2. c4 c6 3. Nf3 Nf6 4. Nc3 a6 5. g3 dxc4 6. Bg2 c5 7. dxc5 Qxd1+ 8. Nxd1 e6 9. Ne5 Bxc5 10. 0-0 Nd5 11. Nxc4 Nc6 12. Bd2 0-0 13. Rc1 Bd4 14. e3 Ba7 15. Nc3 Rd8 16. Nxd5 exd5 17. Na5 Ne5 18. Bc3 Nd3 19. Rcd1 Bf5 20. Nxb7 Rd7 21. Na5 Rc8 22. Nb3 Rb8 23. Rd2 Be4 24. Rfd1 Bxg2 25. Kxg2 Nb4 26. Bxb4 Rxb4 27. Rxd5 Rxd5 28. Rxd5 1-0